[Event "Tatarstan-ch_women"]
[Site "?"]
[Date "2012.09.03"]
[Round "1"]
[White "Zhukova, Kristina"]
[Black "Yarullina, Alina"]
[Result "1/2-1/2"]
[WhiteElo "1636"]
[BlackElo "2082"]
[PlyCount "77"]
[EventDate "2012.??.??"]
[SourceDate "2012.09.05"]

1. e4 c5 2. Nc3 Nc6 3. g3 g6 4. Bg2 Bg7 5. f4 d6 6. Nf3 e6 7. O-O Nge7 8. d3
O-O 9. Be3 Nd4 10. Qd2 Rb8 11. Nd1 b5 12. c3 Nxf3+ 13. Bxf3 Bb7 14. d4 Qc7 15.
Qf2 Rbc8 16. Rc1 f5 17. e5 dxe5 18. dxe5 Bd5 19. Bxd5 Nxd5 20. c4 Nb4 21. Qe2
Nxa2 22. Ra1 Nb4 23. cxb5 Rfd8 24. Qc4 Nd5 25. Ra6 Qe7 26. Bf2 Nb6 27. Qc2 Rc7
28. Ne3 Bf8 29. Nc4 Nxc4 30. Qxc4 Rd5 31. Rc1 Rb7 32. Rc6 Qd7 33. Ra1 Rc7 34.
Rxc7 Qxc7 35. Ra6 Qd7 36. Kg2 Qb7 37. Kh3 Kf7 38. Rc6 Qe7 39. Qc3 1/2-1/2

[Event "Tatarstan-ch_women"]
[Site "?"]
[Date "2012.09.03"]
[Round "1"]
[White "Smetanina, Maria"]
[Black "Belova, Olga"]
[Result "0-1"]
[WhiteElo "1930"]
[BlackElo "2099"]
[PlyCount "74"]
[EventDate "2012.??.??"]
[SourceDate "2012.09.05"]

1. e4 c5 2. Nf3 Nf6 3. d4 Nxe4 4. Bd3 d5 5. O-O e6 6. c4 Nf6 7. Bg5 dxc4 8.
Bxc4 Be7 9. dxc5 Qa5 10. Nc3 Qxc5 11. Bxf6 gxf6 12. Ne4 Qb6 13. Qc1 h6 14. Qc3
e5 15. Rfe1 Nc6 16. Nxf6+ Bxf6 17. Nxe5 Nxe5 18. Rxe5+ Be6 19. Rxe6+ Qxe6 20.
Qb4 Qe7 21. Re1 Be5 22. Qb5+ Kf8 23. Rxe5 a6 24. Qa5 Qd6 25. Qc3 Rg8 26. g3 Rc8
27. Rf5 Rg7 28. Rf6 Qc5 29. b3 b5 30. Rf4 Qe7 31. Qa5 bxc4 32. Qxa6 Rd8 33.
Rxc4 Rg6 34. Qa5 Rd1+ 35. Kg2 Qb7+ 36. f3 Rgd6 37. Rc2 Qa6 0-1

[Event "Tatarstan-ch_women"]
[Site "?"]
[Date "2012.09.03"]
[Round "1.1"]
[White "Shaydullina, Sandugach"]
[Black "Valiullina, Luiza"]
[Result "1-0"]
[WhiteElo "2162"]
[BlackElo "1953"]
[PlyCount "65"]
[EventDate "2012.??.??"]
[SourceDate "2012.09.05"]

1. Nf3 c5 2. g3 Nf6 3. Bg2 g6 4. O-O Bg7 5. c4 O-O 6. d4 cxd4 7. Nxd4 Nc6 8.
Nc3 Qb6 9. Nc2 d6 10. Rb1 Bd7 11. h3 Rac8 12. b3 a6 13. e4 Qd8 14. Bb2 Be6 15.
Nd5 Ne8 16. a4 Bxd5 17. exd5 Ne5 18. Nd4 Nc7 19. Re1 Re8 20. Qd2 Rb8 21. a5 e6
22. dxe6 fxe6 23. Nc2 Nf7 24. Bxg7 Kxg7 25. b4 Qg5 26. Qd4+ Qf6 27. Qb6 Rec8
28. Re4 d5 29. Rf4 Qc3 30. Nd4 e5 31. Qf6+ Kg8 32. Qxf7+ Kh8 33. Rh4 1-0

[Event "Tatarstan-ch_women"]
[Site "?"]
[Date "2012.09.03"]
[Round "1.5"]
[White "Salihova, Lilia"]
[Black "Kozina, Anastasia"]
[Result "1/2-1/2"]
[WhiteElo "1998"]
[BlackElo "1583"]
[PlyCount "52"]
[EventDate "2012.??.??"]
[SourceDate "2012.09.05"]

1. d4 e6 2. Nf3 Nf6 3. Bg5 Be7 4. e3 h6 5. Bh4 c5 6. c3 Nc6 7. Bd3 b6 8. Nbd2
cxd4 9. exd4 Bb7 10. O-O O-O 11. Re1 Nd5 12. Bg3 h5 13. h3 h4 14. Bh2 d6 15.
Qe2 Bg5 16. Nc4 Bf4 17. Qe4 Bxh2+ 18. Kxh2 Nf6 19. Qxh4 Ne7 20. Ng5 Nf5 21.
Bxf5 exf5 22. Qf4 Qc7 23. Nd2 Qd7 24. Nc4 Qc7 25. Nd2 Qd7 26. Nc4 Qc7 1/2-1/2

[Event "Tatarstan-ch_women"]
[Site "?"]
[Date "2012.09.03"]
[Round "1.3"]
[White "Khazieva, Elza"]
[Black "Agabekian, Razia"]
[Result "1-0"]
[WhiteElo "2087"]
[BlackElo "1871"]
[PlyCount "59"]
[EventDate "2012.??.??"]
[SourceDate "2012.09.05"]

1. e4 d6 2. d4 Nf6 3. Nc3 g6 4. Be3 Bg7 5. f3 O-O 6. Qd2 Re8 7. O-O-O a6 8. g4
b5 9. h4 h5 10. gxh5 Nxh5 11. Nge2 Nd7 12. Nf4 Ndf6 13. Nxh5 Nxh5 14. Ne2 e5
15. Bg5 f6 16. Bh6 Be6 17. Rg1 Kh7 18. Bxg7 Kxg7 19. f4 exf4 20. Nxf4 Nxf4 21.
Qxf4 Rh8 22. Bd3 Rh5 23. Rd2 Qd7 24. Rdg2 Bf7 25. Be2 Rh6 26. h5 g5 27. e5 Kh8
28. Rxg5 dxe5 29. Rg8+ Bxg8 30. Qxh6+ 1-0

[Event "Tatarstan-ch_women"]
[Site "?"]
[Date "2012.09.04"]
[Round "2"]
[White "Yarullina, Alina"]
[Black "Khazieva, Elza"]
[Result "1/2-1/2"]
[WhiteElo "2082"]
[BlackElo "2087"]
[PlyCount "99"]
[EventDate "2012.??.??"]
[SourceDate "2012.09.05"]

1. e4 c5 2. d3 Nc6 3. g3 g6 4. Bg2 Bg7 5. Ne2 e6 6. c4 Nge7 7. Nbc3 b6 8. Rb1
O-O 9. O-O Bb7 10. Be3 Nd4 11. b4 Nxe2+ 12. Nxe2 cxb4 13. Rxb4 d6 14. Qd2 Nc6
15. Rbb1 Rc8 16. Bh6 Bxh6 17. Qxh6 Qf6 18. Qe3 Qe7 19. h4 Ne5 20. Rfc1 Rfd8 21.
Nc3 Bc6 22. Qe2 Ba8 23. Nb5 h5 24. f4 Ng4 25. Bf3 Nf6 26. Kg2 Bc6 27. Nc3 Kg7
28. Nb5 Bxb5 29. Rxb5 Qd7 30. Rcb1 Rc5 31. a4 Rdc8 32. R1b2 Ne8 33. R5b4 Qe7
34. Qe3 Nf6 35. Be2 Nd7 36. d4 R5c7 37. Rb5 Qe8 38. Qa3 Qf8 39. Qd3 Qe8 40. Qd1
Nb8 41. Rg5 f6 42. Rgb5 Nc6 43. Rc2 Na5 44. Rb4 d5 45. exd5 exd5 46. Bd3 Nxc4
47. Bxc4 Qe4+ 48. Kh3 dxc4 49. Re2 Qf5+ 50. Kh2 1/2-1/2

[Event "Tatarstan-ch_women"]
[Site "?"]
[Date "2012.09.04"]
[Round "2.5"]
[White "Valiullina, Luiza"]
[Black "Salihova, Lilia"]
[Result "1/2-1/2"]
[WhiteElo "1953"]
[BlackElo "1998"]
[PlyCount "30"]
[EventDate "2012.09.04"]
[SourceDate "2012.09.05"]

1. e4 d5 2. exd5 Nf6 3. d4 Nxd5 4. c4 Nb6 5. Nc3 e5 6. dxe5 Qxd1+ 7. Kxd1 Nc6
8. Bf4 Be6 9. b3 O-O-O+ 10. Kc2 Bf5+ 11. Kb2 Bc5 12. f3 Rhe8 13. g4 Bg6 14. Re1
Nb4 15. Nh3 Nc2 1/2-1/2

[Event "Tatarstan-ch_women"]
[Site "?"]
[Date "2012.09.04"]
[Round "2.4"]
[White "Kozina, Anastasia"]
[Black "Zhukova, Kristina"]
[Result "0-1"]
[WhiteElo "1583"]
[BlackElo "1636"]
[PlyCount "104"]
[EventDate "2012.09.04"]
[SourceDate "2012.09.05"]

1. e4 e6 2. d4 d5 3. Nd2 c5 4. Ngf3 cxd4 5. exd5 Qxd5 6. Bc4 Qd6 7. O-O Nf6 8.
Bb3 Nc6 9. Nc4 Qc7 10. Nxd4 Nxd4 11. Qxd4 Bd7 12. Bf4 Qc5 13. Nd6+ Bxd6 14.
Qxd6 Qxd6 15. Bxd6 O-O-O 16. Rad1 Bc6 17. Be7 Rxd1 18. Rxd1 Nd5 19. Bc5 b6 20.
Bd4 Nf4 21. f3 Rd8 22. c3 Ne2+ 23. Kf2 Nxd4 24. cxd4 Kc7 25. Ke3 Kd6 26. g3 Bd5
27. Bc2 Rc8 28. Be4 Rc7 29. a3 h6 30. Rd2 g6 31. Bd3 f5 32. Rc2 Rxc2 33. Bxc2
g5 34. f4 g4 35. Bd3 Bc6 36. Bf1 Kd5 37. b3 Kd6 38. Kd2 a5 39. Kc3 Bd5 40. b4
Kc6 41. Be2 Bf3 42. Bc4 Bd5 43. Ba6 Ba2 44. Bc4 Bxc4 45. Kxc4 b5+ 46. Kd3 axb4
47. axb4 Kd5 48. Kc3 Ke4 49. Kc2 Kxd4 50. Kb3 Kd3 51. Kb2 Kc4 52. Kc2 Kxb4 0-1

[Event "Tatarstan-ch_women"]
[Site "?"]
[Date "2012.09.04"]
[Round "2.6"]
[White "Karaseva, Luiza"]
[Black "Smetanina, Maria"]
[Result "1/2-1/2"]
[WhiteElo "1705"]
[BlackElo "1930"]
[PlyCount "91"]
[EventDate "2012.??.??"]
[SourceDate "2012.09.05"]

1. e4 e5 2. Nf3 Nc6 3. Bc4 Nf6 4. Ng5 d5 5. exd5 Na5 6. Bb5+ c6 7. dxc6 bxc6 8.
Be2 Be7 9. Nf3 e4 10. Ne5 Bd6 11. d4 Bxe5 12. dxe5 Qxd1+ 13. Bxd1 Nd7 14. O-O
Nxe5 15. Re1 f5 16. f3 O-O 17. fxe4 fxe4 18. Rxe4 Ba6 19. Be2 Rad8 20. Nc3 Bxe2
21. Rxe2 Ng6 22. b3 Rde8 23. Bd2 Rxe2 24. Nxe2 Nb7 25. Nd4 Rd8 26. Bc3 Nf4 27.
Nxc6 Rd6 28. Nd4 Rxd4 29. Bxd4 Ne2+ 30. Kf2 Nxd4 31. c3 Nb5 32. c4 N5d6 33. Re1
Nc5 34. Ke2 a5 35. Rc1 Kf7 36. g4 Ke6 37. Rc3 Ke5 38. Ke3 Nde4 39. Rc1 g6 40.
Rd1 Nf6 41. h3 Nce4 42. a3 Nc5 43. b4 axb4 44. axb4 Na6 45. b5 Nc5 46. b6
1/2-1/2

[Event "Tatarstan-ch_women"]
[Site "?"]
[Date "2012.09.04"]
[Round "2.1"]
[White "Galimzianova, Aliya"]
[Black "Shaydullina, Sandugach"]
[Result "0-1"]
[WhiteElo "1953"]
[BlackElo "2162"]
[PlyCount "66"]
[EventDate "2012.09.04"]
[SourceDate "2012.09.05"]

1. e4 c5 2. Nf3 e6 3. d4 cxd4 4. Nxd4 Nf6 5. Nc3 d6 6. Bc4 Be7 7. Be3 O-O 8.
Qe2 a6 9. Bb3 b5 10. a3 Qa5 11. O-O Bb7 12. f3 Nbd7 13. g4 Nc5 14. Ba2 Qc7 15.
g5 Nh5 16. f4 g6 17. f5 Nxe4 18. Nxe4 Bxe4 19. Nxe6 Qb7 20. Nxf8 Rxf8 21. f6
Bd8 22. Rad1 Bc7 23. c4 Re8 24. cxb5 axb5 25. Qg4 Bc6 26. Rde1 Re4 27. Qh3 Re5
28. Qg4 Bb6 29. Kf2 Re4 30. Qh3 Bd7 31. Qg2 Nf4 32. Qf3 Nd3+ 33. Kg1 Rg4+ 0-1

[Event "Tatarstan-ch_women"]
[Site "?"]
[Date "2012.09.05"]
[Round "3.6"]
[White "Smetanina, Maria"]
[Black "Valiullina, Luiza"]
[Result "0-1"]
[WhiteElo "1930"]
[BlackElo "1953"]
[PlyCount "64"]
[EventDate "2012.09.05"]
[SourceDate "2012.09.05"]

1. e4 c5 2. Nf3 Nf6 3. Nc3 Nc6 4. d4 d5 5. exd5 Nxd5 6. Be2 cxd4 7. Nxd4 Nxc3
8. bxc3 Bd7 9. Bf3 Qa5 10. Bd2 Qc5 11. Nb3 Qb5 12. Be2 Qb6 13. Be3 Qc7 14. Nc5
Bf5 15. O-O e5 16. Bd3 Rd8 17. Qe2 Bxd3 18. cxd3 Be7 19. Nb3 O-O 20. d4 Rfe8
21. Qc4 Qd6 22. h3 exd4 23. Nxd4 Nxd4 24. Qxd4 b6 25. Qxd6 Rxd6 26. Bd4 Rc8 27.
Rfe1 Bg5 28. a4 Kf8 29. a5 bxa5 30. Rxa5 Bd2 31. Re2 Rxd4 32. Rxa7 Bxc3 0-1

[Event "Tatarstan-ch_women"]
[Site "?"]
[Date "2012.09.05"]
[Round "3.1"]
[White "Shaydullina, Sandugach"]
[Black "Belova, Olga"]
[Result "0-1"]
[WhiteElo "2162"]
[BlackElo "2099"]
[PlyCount "102"]
[EventDate "2012.??.??"]
[SourceDate "2012.09.05"]

1. d4 Nf6 2. c4 e6 3. Nc3 Bb4 4. Qc2 d5 5. cxd5 Qxd5 6. Nf3 Qf5 7. Qb3 Nc6 8.
Bd2 a5 9. a3 a4 10. Qd1 Bxc3 11. Bxc3 Ne4 12. Rc1 g5 13. h3 Bd7 14. e3 g4 15.
hxg4 Qxg4 16. Rh4 Nxc3 17. Rxc3 Qg7 18. Rc5 Ne7 19. Ne5 c6 20. Rg4 Ng6 21. Bd3
Qh6 22. Bxg6 Qh1+ 23. Kd2 Qxd1+ 24. Kxd1 hxg6 25. Rf4 Rh7 26. g4 Ke7 27. g5 Be8
28. Ng4 b6 29. Re5 Rh4 30. Kc2 Kd6 31. f3 c5 32. dxc5+ bxc5 33. Ree4 Bc6 34.
Rc4 f5 35. gxf6 g5 36. Rfe4 Bxe4+ 37. Rxe4 Ra7 38. Kc3 Ra8 39. Kc2 Ra7 40. Kc3
Ra8 41. Kd3 Rh1 42. Ne5 Kd5 43. Nc4 Rd8 44. f4 Rh7 45. Ne5 Rb8 46. Nd7 Rb3+ 47.
Kc2 Rf7 48. Rxa4 Rxe3 49. Nb6+ Kc6 50. Nc4 Kb5 51. b3 Rxb3 0-1

[Event "Tatarstan-ch_women"]
[Site "?"]
[Date "2012.09.05"]
[Round "3.4"]
[White "Salihova, Lilia"]
[Black "Galimzianova, Aliya"]
[Result "1/2-1/2"]
[WhiteElo "1998"]
[BlackElo "1953"]
[PlyCount "76"]
[EventDate "2012.09.05"]
[SourceDate "2012.09.05"]

1. d4 Nf6 2. Nf3 d6 3. Bg5 Bf5 4. e3 Nbd7 5. Bd3 Bxd3 6. Qxd3 h6 7. Bh4 c5 8.
d5 e6 9. dxe6 fxe6 10. Qg6+ Ke7 11. Nc3 Qe8 12. Qd3 Nb6 13. O-O-O Rd8 14. Bg3
Qd7 15. Nh4 c4 16. Qe2 Kf7 17. e4 g6 18. e5 Nfd5 19. Nxd5 exd5 20. Qf3+ Kg8 21.
Nxg6 Rh7 22. Rhe1 Qa4 23. Qf6 Re8 24. Nxf8 Rxf8 25. Qg6+ Rg7 26. Qe6+ Rgf7 27.
Rd4 h5 28. a3 Qa5 29. c3 Na4 30. exd6 Nxc3 31. Be5 Kh7 32. Rh4 Na2+ 33. Kb1
Qxe1+ 34. Kxa2 Qd1 35. f3 Qb3+ 36. Kb1 Qd1+ 37. Ka2 Qb3+ 38. Kb1 Qd1+ 1/2-1/2

[Event "Tatarstan-ch_women"]
[Site "?"]
[Date "2012.09.05"]
[Round "3.2"]
[White "Khazieva, Elza"]
[Black "Zhukova, Kristina"]
[Result "1/2-1/2"]
[WhiteElo "2087"]
[BlackElo "1636"]
[PlyCount "80"]
[EventDate "2012.??.??"]
[SourceDate "2012.09.05"]

1. e4 e6 2. d4 d5 3. Nc3 Nf6 4. Bg5 Be7 5. e5 Nfd7 6. h4 h6 7. Bxe7 Qxe7 8. Qg4
O-O 9. Nf3 a6 10. O-O-O c5 11. dxc5 Nxc5 12. Rh3 f5 13. Qf4 Ne4 14. Nd4 Nc6 15.
Nxe4 fxe4 16. Qg3 Nxd4 17. Rxd4 Qf7 18. Rd2 Bd7 19. Qa3 Rac8 20. f3 Qf5 21. Be2
Qxe5 22. Qe3 Bc6 23. fxe4 Qxe4 24. Qxe4 dxe4 25. Bg4 Bd5 26. b3 b5 27. Kb2 Rc7
28. Bh5 Rf5 29. Bg6 Rf4 30. h5 Kf8 31. Re3 Ke7 32. Rde2 Rc5 33. g3 Rf3 34. g4
Rxe3 35. Rxe3 Kf6 36. Bxe4 Bxe4 37. Rxe4 e5 38. c4 b4 39. a3 a5 40. a4 Ke6
1/2-1/2

[Event "Tatarstan-ch_women"]
[Site "?"]
[Date "2012.09.05"]
[Round "3.7"]
[White "Agabekian, Razia"]
[Black "Karaseva, Luiza"]
[Result "0-1"]
[WhiteElo "1871"]
[BlackElo "1705"]
[PlyCount "46"]
[EventDate "2012.??.??"]
[SourceDate "2012.09.05"]

1. b3 e5 2. Bb2 Nc6 3. d3 d6 4. e4 Nf6 5. Nf3 Be7 6. g3 h6 7. Bg2 Be6 8. Nbd2
Qd7 9. h3 Nh7 10. d4 exd4 11. Nxd4 Nxd4 12. Bxd4 O-O 13. f4 Rfe8 14. Qh5 Bf6
15. Bxf6 Nxf6 16. Qa5 Bd5 17. O-O-O Bxe4 18. Nxe4 Nxe4 19. Bxe4 Rxe4 20. Qd5
Re2 21. Qxb7 Rae8 22. Qxa7 Qc6 23. c4 Qe4 0-1

[Event "Tatarstan-ch_women"]
[Site "?"]
[Date "2012.09.06"]
[Round "4.3"]
[White "Zhukova, Kristina"]
[Black "Salihova, Lilia"]
[Result "1-0"]
[WhiteElo "1636"]
[BlackElo "1998"]
[PlyCount "67"]
[EventDate "2012.09.05"]
[SourceDate "2012.09.05"]

1. e4 d5 2. exd5 Nf6 3. d4 Nxd5 4. Nf3 Bg4 5. Be2 e6 6. O-O Be7 7. Ne5 Bf5 8.
a3 Nd7 9. c4 N5b6 10. Be3 Bf6 11. f4 h6 12. Nc3 c6 13. b4 g5 14. c5 Nc8 15. Bh5
Nxe5 16. fxe5 Bg7 17. g4 Bg6 18. Bxg6 fxg6 19. Ne4 Rf8 20. Qc2 Ne7 21. Rxf8+
Kxf8 22. Rf1+ Kg8 23. Nf6+ Kh8 24. Qd3 Bxf6 25. exf6 Nd5 26. Qxg6 Qf8 27. Rf3
Ne7 28. fxe7 Qxf3 29. e8=Q+ Rxe8 30. Qxe8+ Kg7 31. Qe7+ Kh8 32. Qd8+ Kg7 33.
Qc7+ Kg6 34. Qg3 1-0

[Event "Tatarstan-ch_women"]
[Site "?"]
[Date "2012.09.06"]
[Round "4.2"]
[White "Yarullina, Alina"]
[Black "Shaydullina, Sandugach"]
[Result "0-1"]
[WhiteElo "2082"]
[BlackElo "2162"]
[PlyCount "82"]
[EventDate "2012.09.05"]
[SourceDate "2012.09.05"]

1. e4 c5 2. Nf3 Nc6 3. Bb5 d6 4. Bxc6+ bxc6 5. O-O Bg4 6. h3 Bh5 7. c3 e5 8. d4
cxd4 9. cxd4 Bxf3 10. gxf3 Qh4 11. Kh2 Ne7 12. Na3 Ng6 13. Qa4 Rc8 14. Qa6 Rc7
15. dxe5 Nf4 16. Bxf4 Qxf4+ 17. Kg2 h5 18. Rfd1 Rh6 19. Qd3 Rg6+ 20. Kf1 Qxe5
21. Nc4 Qh2 22. Ke2 Rb7 23. b3 Be7 24. Rac1 Rg2 25. Rf1 Rg5 26. Rfd1 Rd7 27.
Ne3 Ra5 28. Rd2 Bh4 29. Rf1 Bg5 30. Qc3 Bxe3 31. Kxe3 Qxh3 32. Rg1 Re5 33. Rxg7
Kf8 34. Rg3 Qf1 35. b4 Qe1+ 36. Kf4 Rde7 37. Qd3 Rd5 38. Qxd5 cxd5 39. Rxd5
Qc1+ 40. Kf5 h4 41. Rh3 Qc8+ 0-1

[Event "Tatarstan-ch_women"]
[Site "?"]
[Date "2012.09.06"]
[Round "4.5"]
[White "Valiullina, Luiza"]
[Black "Karaseva, Luiza"]
[Result "1-0"]
[WhiteElo "1953"]
[BlackElo "1705"]
[PlyCount "43"]
[EventDate "2012.09.05"]
[SourceDate "2012.09.05"]

1. e4 c5 2. Nf3 Nc6 3. d4 cxd4 4. Nxd4 e6 5. Nc3 Nf6 6. Ndb5 Bb4 7. a3 Bxc3+ 8.
Nxc3 d5 9. exd5 exd5 10. Bg5 d4 11. Qe2+ Be6 12. O-O-O O-O 13. Ne4 Qd5 14. Bxf6
Qa2 15. Qb5 Bd5 16. Bd3 a6 17. Qc5 b6 18. Qd6 Rfe8 19. Qg3 g6 20. Qg5 Ne7 21.
Bxd4 Bxe4 22. Qf6 1-0

[Event "Tatarstan-ch_women"]
[Site "?"]
[Date "2012.09.06"]
[Round "4.7"]
[White "Smetanina, Maria"]
[Black "Agabekian, Razia"]
[Result "1-0"]
[WhiteElo "1930"]
[BlackElo "1871"]
[PlyCount "56"]
[EventDate "2012.??.??"]
[SourceDate "2012.09.05"]

1. e4 d6 2. d4 Nf6 3. Nc3 g6 4. Nf3 Bg7 5. Be2 O-O 6. O-O Nfd7 7. Be3 e5 8. Qd2
exd4 9. Nxd4 Ne5 10. h3 Nbc6 11. f4 Nxd4 12. Bxd4 Nc6 13. Bxg7 Kxg7 14. f5 f6
15. fxg6 hxg6 16. Rf3 Be6 17. Rg3 Rh8 18. Rf1 Rh4 19. Rgf3 f5 20. exf5 gxf5 21.
Rxf5 Bxf5 22. Rxf5 Rh6 23. Bh5 Ne5 24. Qf4 Qd7 25. Nd5 c5 26. Qg5+ Ng6 27. Qf6+
Kh7 28. Bxg6+ Rxg6 1-0

[Event "Tatarstan-ch_women"]
[Site "?"]
[Date "2012.09.06"]
[Round "4.4"]
[White "Galimzianova, Alia"]
[Black "Kozina, Anastasia"]
[Result "1-0"]
[WhiteElo "1953"]
[BlackElo "1583"]
[PlyCount "55"]
[EventDate "2012.??.??"]
[SourceDate "2012.09.05"]

1. e4 e6 2. d4 d5 3. Nc3 Nf6 4. Bg5 Be7 5. e5 Nfd7 6. Bxe7 Qxe7 7. Qg4 f5 8.
Qg3 c5 9. Nb5 O-O 10. Nc7 cxd4 11. O-O-O Nc6 12. Nxa8 Ndxe5 13. f4 Ng4 14. Bb5
Ne3 15. Rd2 Nc4 16. Bxc4 dxc4 17. Ne2 Rd8 18. Rhd1 Qd6 19. Nxd4 c3 20. Qxc3 Nb4
21. Qb3 Nd5 22. c4 Qc5 23. Qb5 b6 24. Qxc5 bxc5 25. Nc6 Rd6 26. cxd5 exd5 27.
Ne7+ Kf7 28. Nxc8 1-0

[Event "Tatarstan-ch_women"]
[Site "?"]
[Date "2012.09.06"]
[Round "4.1"]
[White "Belova, Olga"]
[Black "Khazieva, Elza"]
[Result "1-0"]
[WhiteElo "2099"]
[BlackElo "2087"]
[PlyCount "65"]
[EventDate "2012.09.05"]
[SourceDate "2012.09.05"]

1. e4 c5 2. Nf3 e6 3. d4 cxd4 4. Nxd4 Nf6 5. Bd3 Nc6 6. Nxc6 bxc6 7. O-O d5 8.
Nd2 Be7 9. Re1 O-O 10. Qe2 Bb7 11. e5 Nd7 12. c3 c5 13. Nf3 Qc7 14. Bf4 a5 15.
Rad1 a4 16. Bb1 Rfb8 17. Ng5 Bxg5 18. Bxg5 h6 19. Bc1 Ba6 20. Qh5 Kf8 21. f4
Ke7 22. f5 exf5 23. e6 fxe6 24. Qg6 Rf8 25. Rxe6+ Kd8 26. Rxa6 Rxa6 27. Qxa6
Nb6 28. Bf4 Qc6 29. Bc2 Rf6 30. Qa7 g5 31. Be5 Re6 32. Qb8+ Nc8 33. Bxf5 1-0

[Event "Tatarstan-ch_women"]
[Site "?"]
[Date "2012.09.07"]
[Round "5.1"]
[White "Zhukova, Kristina"]
[Black "Belova, Olga"]
[Result "0-1"]
[WhiteElo "1636"]
[BlackElo "2099"]
[PlyCount "102"]
[EventDate "2012.??.??"]
[SourceDate "2012.09.05"]

1. e4 c5 2. Nc3 Nc6 3. g3 g6 4. Bg2 Bg7 5. f4 e6 6. d3 Nge7 7. Nf3 d5 8. O-O
O-O 9. e5 Rb8 10. a4 a6 11. Ne2 f6 12. exf6 Bxf6 13. Kh1 Qc7 14. c3 d4 15. cxd4
Nxd4 16. Nexd4 cxd4 17. Rf2 Nc6 18. Rc2 Qg7 19. Qe2 Bd7 20. Bd2 Rbd8 21. Ng5 e5
22. Ne4 Be7 23. Rcc1 Bf5 24. Rf1 a5 25. Qd1 Be6 26. Ng5 Bxg5 27. fxg5 Qd7 28.
Qe2 Bg4 29. Qe4 Bf5 30. Qe2 Kg7 31. Kg1 Bg4 32. Qe4 Bf5 33. Qe2 Qe6 34. Be4 Bg4
35. Bf3 Bf5 36. Be4 Bh3 37. Bg2 Bg4 38. Qe4 Bf5 39. Qe2 Qb3 40. Be4 Bxe4 41.
dxe4 d3 42. Qd1 Rxf1+ 43. Kxf1 Rf8+ 44. Kg2 Qb6 45. Qg1 Qxb2 46. Qe1 Qd4 47.
Bc3 Qd8 48. h4 b6 49. Rb1 Nd4 50. Bxd4 Qxd4 51. Qd2 Qxe4+ 0-1

[Event "Tatarstan-ch_women"]
[Site "?"]
[Date "2012.09.07"]
[Round "5.3"]
[White "Valiullina, Luiza"]
[Black "Galimzianova, Aliya"]
[Result "0-1"]
[WhiteElo "1953"]
[BlackElo "1953"]
[PlyCount "68"]
[EventDate "2012.09.05"]
[SourceDate "2012.09.05"]

1. e4 e6 2. d4 d5 3. Nd2 Nf6 4. e5 Nfd7 5. Bd3 c5 6. c3 Nc6 7. Ne2 cxd4 8. cxd4
f6 9. exf6 Nxf6 10. Nf3 Bd6 11. O-O Qc7 12. Nc3 a6 13. Be3 O-O 14. Rc1 Bd7 15.
h3 Be8 16. Ng5 Bf7 17. Na4 h6 18. Nxf7 Qxf7 19. Nc5 e5 20. dxe5 Nxe5 21. Be2
Rad8 22. Qb3 Rb8 23. Qb6 Qe7 24. Rfd1 Rfc8 25. Nb3 Nc6 26. Bf3 Nd7 27. Bxd5+
Kh8 28. Bg5 Qxg5 29. Qe3 Bf4 30. Qe6 Bxc1 31. Rxc1 Nf6 32. Bxc6 Rxc6 33. Rxc6
bxc6 34. Qxc6 Re8 0-1

[Event "Tatarstan-ch_women"]
[Site "?"]
[Date "2012.09.07"]
[Round "5.2"]
[White "Shaydullina, Sandugach"]
[Black "Khazieva, Elza"]
[Result "0-1"]
[WhiteElo "2162"]
[BlackElo "2087"]
[PlyCount "86"]
[EventDate "2012.09.05"]
[SourceDate "2012.09.05"]

1. d4 Nf6 2. c4 e6 3. Nf3 Bb4+ 4. Nbd2 O-O 5. a3 Be7 6. e4 d5 7. e5 Nfd7 8. b4
a5 9. b5 c5 10. cxd5 exd5 11. Bd3 cxd4 12. Nb3 Re8 13. O-O Nf8 14. Bb2 Bg4 15.
Nbxd4 Nbd7 16. h3 Bh5 17. Nf5 Nc5 18. Be2 Nfe6 19. Nxe7+ Rxe7 20. Rc1 Rc8 21.
Re1 Nf4 22. Bf1 Rec7 23. g3 Nfe6 24. Be2 Ne4 25. Rxc7 Rxc7 26. Nd4 Bxe2 27.
Rxe2 Nc3 28. Bxc3 Rxc3 29. Rd2 Qc7 30. Ne2 Rxa3 31. Rxd5 h6 32. h4 Qc4 33. b6
Ra2 34. Rd3 Rc2 35. Kf1 Qc6 36. Rd5 Rb2 37. Rd6 Qe4 38. f3 Qxf3+ 39. Ke1 Nc5
40. Rd8+ Kh7 41. Rd4 Ne4 42. Rxe4 Qh1+ 43. Kf2 Qxd1 0-1

[Event "Tatarstan-ch_women"]
[Site "?"]
[Date "2012.09.07"]
[Round "5.6"]
[White "Kozina, Anastasia"]
[Black "Smetanina, Maria"]
[Result "1-0"]
[WhiteElo "1583"]
[BlackElo "1930"]
[PlyCount "115"]
[EventDate "2012.09.05"]
[SourceDate "2012.09.05"]

1. e4 c5 2. Nc3 Nc6 3. g3 Nf6 4. Bg2 e6 5. f4 d5 6. d3 dxe4 7. Nxe4 Nxe4 8.
dxe4 Qxd1+ 9. Kxd1 e5 10. c3 Bg4+ 11. Kc2 Rd8 12. h3 Bd1+ 13. Kb1 Rd3 14. g4 c4
15. Bf1 Rf3 16. Bxc4 Rf2 17. Bb3 Bxb3 18. axb3 exf4 19. b4 Rf1 20. Ka2 Bd6 21.
Bd2 Rxa1+ 22. Kxa1 O-O 23. Nf3 Re8 24. Re1 f6 25. e5 fxe5 26. Bxf4 Kf7 27. Bh2
e4 28. Bxd6 exf3 29. Rf1 Ke6 30. Bf4 g5 31. Bxg5 Rf8 32. Kb1 Kd5 33. Kc2 Ne5
34. b3 Rg8 35. Be3 a5 36. bxa5 Ra8 37. Bb6 Ke4 38. Re1+ Kf4 39. Kd2 Nc6 40.
Bc7+ Kg5 41. b4 Kh4 42. Rf1 Rc8 43. Bf4 Kxh3 44. Rxf3+ Kxg4 45. Rf2 Rf8 46. Be3
Rd8+ 47. Kc2 h5 48. Bb6 Ra8 49. Rf7 h4 50. Rxb7 h3 51. Rh7 Kg3 52. Kb3 Kg2 53.
Rg7+ Kf3 54. Bg1 Nxa5+ 55. bxa5 Rxa5 56. Bh2 Ra1 57. Rg3+ Ke4 58. Rxh3 1-0

[Event "Tatarstan-ch_women"]
[Site "?"]
[Date "2012.09.07"]
[Round "5.5"]
[White "Karaseva, Luiza"]
[Black "Salihova, Lilia"]
[Result "1-0"]
[WhiteElo "1705"]
[BlackElo "1998"]
[PlyCount "45"]
[EventDate "2012.09.05"]
[SourceDate "2012.09.05"]

1. e4 d5 2. exd5 Nf6 3. d4 Nxd5 4. c4 Nb6 5. Nc3 e5 6. c5 exd4 7. cxb6 dxc3 8.
Qxd8+ Kxd8 9. bxc7+ Kxc7 10. bxc3 Bd6 11. Bd3 Re8+ 12. Ne2 Bg4 13. f3 Bd7 14.
O-O Nc6 15. Nd4 Bc5 16. Kh1 Nxd4 17. Bf4+ Kd8 18. cxd4 Bxd4 19. Rad1 Be3 20.
Bb5 Bxf4 21. Rxd7+ Kc8 22. Rxf7 Re5 23. Rxf4 1-0

[Event "Tatarstan-ch_women"]
[Site "?"]
[Date "2012.09.08"]
[Round "6.4"]
[White "Yarullina, Alina"]
[Black "Kozina, Anastasia"]
[Result "1-0"]
[WhiteElo "2082"]
[BlackElo "1583"]
[PlyCount "53"]
[EventDate "2012.09.05"]
[SourceDate "2012.09.05"]

1. e4 e6 2. d3 d5 3. Nd2 Nf6 4. Ngf3 c5 5. g3 Nc6 6. Bg2 Be7 7. O-O O-O 8. e5
Nd7 9. Re1 Qc7 10. Qe2 b6 11. Nf1 Bb7 12. Bf4 Rac8 13. h4 Ba6 14. c3 Rfd8 15.
N1h2 Nf8 16. h5 b5 17. Ng4 d4 18. Nf6+ gxf6 19. exf6 Bd6 20. Nxd4 cxd4 21. Qg4+
Ng6 22. hxg6 fxg6 23. Qxe6+ Kh8 24. f7 Kg7 25. f8=Q+ Rxf8 26. Bxd6 Qb6 27.
Bxf8+ 1-0

[Event "Tatarstan-ch_women"]
[Site "?"]
[Date "2012.09.08"]
[Round "6.2"]
[White "Shaydullina, Sandugach"]
[Black "Zhukova, Kristina"]
[Result "1-0"]
[WhiteElo "2162"]
[BlackElo "1636"]
[PlyCount "89"]
[EventDate "2012.09.05"]
[SourceDate "2012.09.05"]

1. d4 Nf6 2. Nf3 e6 3. g3 d5 4. Bg2 c5 5. O-O Nc6 6. b3 b6 7. Bb2 Bb7 8. Nbd2
cxd4 9. Nxd4 Bc5 10. Nxc6 Bxc6 11. c4 O-O 12. cxd5 Bxd5 13. e4 Bb7 14. Qe2 Qe7
15. e5 Nd5 16. Ne4 Ba3 17. Bd4 Rfd8 18. Rfd1 Rd7 19. Qg4 Kh8 20. Nd6 Bxd6 21.
exd6 Qf8 22. Be5 Rxd6 23. Bxd6 Qxd6 24. Rac1 f5 25. Qa4 a6 26. Qc4 Kg8 27. Qd4
Rd8 28. f4 Kf7 29. Re1 Rd7 30. Qd1 g6 31. Qd4 Bc6 32. Qh8 Bb7 33. Qxh7+ Kf6 34.
Qh8+ Kf7 35. Qd4 Rc7 36. Bxd5 Bxd5 37. Qe5 Qxe5 38. fxe5 Rd7 39. Red1 Ke7 40.
h4 Kd8 41. Kf2 Rc7 42. Rxc7 Kxc7 43. Rc1+ Kd7 44. Ke3 Bc6 45. Kf4 1-0